000 00860nam a2200253 a 4500
001 000004164
003 DO-SdBNP
005 20220207105356.0
008 090717s2006 dr a 000 0 spa d
020 _z9945420097
040 _aDO-SdBNP
_bspa
_cBPMSU
082 _aRD861.5
_bN451e 2006
_222
100 1 _aNeronessa,
_d1988 -
245 1 3 _aLa estirpe de las gárgolas /
_cNeronessa.
260 _aSan Francisco de Macorís, República Dominicana :
_bSecretaría de Estado de Cultura:
_bÁngeles de Fierro,
_c2006.
300 _a67 p. ;
_c18 cm.
500 _aIncluye datos biográficos de la autora en la solapa de la cubierta
590 _aInventariado, 2022/VM
650 4 _aPoesía dominicana
650 4 _aLiteratura dominicana.
710 2 _aSecretaría de Estado de Cultura (República Dominicana)
910 _aVMateo V.
942 _2ddc
_cBK
999 _c14015
_d14015